Developing a sustainable economy in Cameroon

Bibliographic Details
Corporate Author: ProQuest (Firm)
Other Authors: Amin, Aloysius Ajab, 1947-
Format: Electronic eBook
Language:English
Published: Dakar, Senegal : Council for the Development of Social Science Research in Africa, c2008.
Series:Codesria book series.
Subjects:
Online Access:Click to View
LEADER 01550nam a22004214a 4500
001 EBC1135011
003 MiAaPQ
005 20200520144314.0
006 m o d |
007 cr cn|||||||||
008 081027s2008 sg a sb 000 0 eng d
010 |z  2008345493 
020 |z 9782869782099 
020 |z 2869782098 
035 |a (MiAaPQ)EBC1135011 
035 |a (Au-PeEL)EBL1135011 
035 |a (CaPaEBR)ebr10333845 
035 |a (CaONFJC)MIL290131 
035 |a (OCoLC)741350869 
040 |a MiAaPQ  |c MiAaPQ  |d MiAaPQ 
043 |a f-cm--- 
050 4 |a GH789  |b .D48 2008 
082 0 4 |a 338.96711  |2 22 
245 0 0 |a Developing a sustainable economy in Cameroon  |h [electronic resource] /  |c edited by Aloysius Ajab Amin. 
260 |a Dakar, Senegal :  |b Council for the Development of Social Science Research in Africa,  |c c2008. 
300 |a xx, 417 p. :  |b ill. 
490 1 |a Codesria book series 
504 |a Includes bibliographical references. 
533 |a Electronic reproduction. Ann Arbor, MI : ProQuest, 2015. Available via World Wide Web. Access may be limited to ProQuest affiliated libraries. 
650 0 |a Sustainable development  |z Cameroon. 
650 0 |a Poverty  |z Cameroon. 
651 0 |a Cameroon  |x Economic policy. 
651 0 |a Cameroon  |x Economic conditions  |y 21st century. 
655 4 |a Electronic books. 
700 1 |a Amin, Aloysius Ajab,  |d 1947- 
710 2 |a ProQuest (Firm) 
830 0 |a Codesria book series. 
856 4 0 |u https://ebookcentral.proquest.com/lib/matrademy/detail.action?docID=1135011  |z Click to View